Space flight report to the nation /

Bibliographic Details
Main Author: Grey, Jerry
Corporate Author: American Rocket Society
Other Authors: Grey, Vivien
Format: Book
Language:English
Published: New York : Basic Books, [1962]
Subjects:

MARC

Tag First Indicator Second Indicator Subfields
LEADER 00000cam a2200000 4500
001 in00000098481
005 20150926125514.0
008 721221s1962 eng u
010 |a  62017241  
035 |a (OCoLC)00522673 
035 |9 AAL3421AM 
040 |c OUN  |d TXA  |d UtOrBLW 
049 |a TXAM  |c [913275] 
050 0 |a TL789.8.U5  |b G7 
082 0 |a 629.40973 
100 1 |a Grey, Jerry. 
245 1 0 |a Space flight report to the nation /  |c edited by Jerry Grey and Vivian Grey. 
264 1 |a New York :  |b Basic Books,  |c [1962] 
300 |a 224 pages :  |b illustrations ;  |c 24 cm. 
336 |a text  |b txt  |2 rdacontent 
337 |a unmediated  |b n  |2 rdamedia 
338 |a volume  |b nc  |2 rdacarrier 
500 |a Based on four of the panels from a conference conducted by the American Rocket Society in New York, Oct. 9-13, 1961. 
650 0 |a Astronautics  |z United States. 
700 1 |a Grey, Vivien. 
710 2 |a American Rocket Society. 
999 |a MARS 
999 f f |s 64131bea-f105-39e3-a989-75e79d66732e  |i 6cef1f2c-2e07-3f5c-8257-c081262af42f  |t 0 
952 f f |p ric  |a Texas A&M University  |b Rellis Campus  |c Joint Library Facility  |d Remote Storage  |t 0  |e TL789.8.U5 G7  |h Library of Congress classification  |i unmediated -- volume  |m A14805556451 
998 f f |a TL789.8.U5 G7  |t 0  |l Remote Storage